Statistics for All Kirby final bosses by games

Click here to take the quiz!

General Stats

  • This quiz has been taken 180 times
    (119 since last reset)
  • The average score is 20 of 30

Answer Stats

HintAnswer% Correct
Kirby's Dream LandKing Dedede
99%
Kirby's Blowout BlastKing Dedede
99%
Kirby's Pinball LandKing Dedede
99%
Kirby's AvalancheKing Dedede
99%
Kirby's Block BallKing Dedede
99%
Kirby Tilt n' TumbleKing Dedede
99%
Kirby's AdventureNightmare
92%
Kirby Nightmare in DreamlandNightmare
92%
Kirby Super StarMarx
88%
Kirby's Dream Land 3Zero
83%
Kirby's Dream Land 2Dark Matter
82%
Kirby's Return to Dream LandMagolor
80%
Kirby Triple DeluxeQueen Sectonia
79%
Kirby Star AlliesVoid Termina
79%
Kirby Planet RobobotStar Dream
75%
Kirby 64: The Crystal ShardsZero Two
71%
Kirby Super Star UltraMarx Soul
68%
Kirby Squeak SquadDark Nebula
63%
Kirby's Epic YarnYin-Yarn
63%
Kirby & the Amazing MirrorDark Mind
62%
Kirby & the Forgotten LandFecto Elfilis
60%
Kirby Canvas CurseDrawcia Soul
48%
Kirby Mass AttackNecrodeus
38%
Kirby and the Rainbow CurseDark Crafter
35%
Kirby Fighters 2King Dedede & Meta Knight
32%
Kirby Super Star StackerGryll
29%
Super Kirby ClashKing D-Mind
20%
Kirby Battle RoyaleDededestroyer Z
14%
Kirby's Dream CourseRobo Dedede
14%
Kirby Fighters DeluxeTeam DDD
12%

Score Distribution

Percentile by Number Answered

Percent of People with Each Score

Your Score History

You have not taken this quiz since the last reset